000 00541nam a2200181Ia 4500
005 20250423095917.0
008 250422s9999 xx 000 0 und d
020 _a9781597841351
050 _aBP 80 .F413 .J68/
100 _aFaye, Maryam Kabeer
245 0 _aJourney through ten thousand veils : the alchemy of transformation on the Sufi path = Onbin perde arasında seyehat
260 _aNew Jersey
260 _bTughra Books
260 _c2009
300 _a305 p
650 _aFaye, Maryam Kabeer Sufis _ Biography
942 _cBK
999 _c31702
_d31702